Statistics for Kings of Portugal

Click here to take the quiz!

General Stats

  • This quiz has been taken 581 times
  • The average score is 29 of 37

Answer Stats

Reign Name % Correct
1521-1557João III
96%
1816-1826João VI
96%
1706-1750João V
96%
1385-1433João I
96%
1640-1656João IV
96%
1477João II
96%
1853-1861Pedro V
87%
1826Pedro IV
87%
1357-1367Pedro I
87%
1683-1706Pedro II
87%
1889-1908Carlos I
86%
1581-1598Filipe I
82%
1621-1640Filipe III
82%
1598-1621Filipe II
82%
1908-1910Manuel II
78%
1495-1521Manuel I
78%
1139-1185Afonso Henriques
77%
1248-1279Afonso III
77%
1212-1223Afonso II
77%
1438-1477Afonso V
77%
1656-1683Afonso VI
77%
1325-1357Afonso IV
77%
1578-1580Henrique I
75%
1777-1816Maria I
75%
1826-1828Maria II
75%
1367-1383Fernando I
74%
1861-1889Luís I
69%
1750-1777José I
68%
1557-1578Sebastião I
67%
1828-1834Miguel I
65%
1223-1247Sancho II
63%
1185-1212Sancho I
63%
1279-1325Dinis I
62%
1433-1438Duarte I
53%

Score Distribution

Percentile by Number Answered

Percent of People with Each Score

Your Score History

You have not taken this quiz